Stravné lístky z pohľadu zamestnancov a z pohľadu spoločností akceptujúcich stravné lístky a spoločností špecializujúcich sa na poskytovanie stravných lístkov bakalárska práca
Na minha lista:
| Autor principal: | |
|---|---|
| Autor Corporativo: | |
| Outros Autores: | |
| Formato: | Livro |
| Idioma: | eslovaco |
| Publicado em: |
Bratislava
2022
|
| Tags: |
Sem tags, seja o primeiro a adicionar uma tag!
|
MARC
| LEADER | 00000nbm a2200000 4500 | ||
|---|---|---|---|
| 001 | 0286114 | ||
| 005 | 20230207085019.5 | ||
| 041 | 0 | |a slo | |
| 044 | |a SK | ||
| 245 | 1 | 0 | |a Stravné lístky z pohľadu zamestnancov a z pohľadu spoločností akceptujúcich stravné lístky a spoločností špecializujúcich sa na poskytovanie stravných lístkov |b bakalárska práca |c David Hrabec ; školiteľ: Zuzana Kubaščíková |
| 264 | 1 | |a Bratislava |c 2022 | |
| 300 | |a 56 s. | ||
| 100 | 1 | |a Hrabec, David | |
| 700 | 1 | |a Kubaščíková, Zuzana, 1982- | |
| 710 | 2 | |a Fakulta hospodárskej informatiky EU. Katedra účtovníctva a audítorstva | |